Регионална библиотека "Любен Каравелов" - Русе

Цвят продълговат в морето (Запис номер 348842)

MARC детайли
000 -Лидер
Контролно поле с фиксирана дължина 00931nam a22002417a 4500
003 - Код на организацията, давaща контролен номер
Контролно поле BLK
005 - Дата и час на последна редакция
Контролно поле 20250730112739.0
008 - Елементи от данни с фиксирана дължина
fixed length control field 200304b bu ||||| |||| 00| 0 bu d
020 ## - Международен стандартен номер на книга ISBN
Международен стандартен номер на книга ISBN 9786190205753
040 ## - Източник на каталожния запис
Идентификатор на билиотеката - собственик на записа BLK
041 ## - Код за език
Код за езика на текст/звукозапис или на отделно заглавие Български
Код за езика КДБФ Български
080 ## - УДК
Текстов определител УДК Чилийска литература
УДК код - определител по УДК 821.134.2(83)
УДК определител -31
УДК - код + определител 821.134.2(83)-31
100 ## - Редна дума - Автор
Автор Алиенде, Исабел
Авторска отговорност първи автор
R(LIN) 1299
139 ## - Редно поле
Редна дума Алиенде, Исабел
Авторски знак Али - А 54
245 ## - Сведения за заглавието
Заглавие Цвят продълговат в морето
Редно поле (дума) Исабел Алиенде ; прев. от исп. Маня Костова
260 ## - Област на издателските данни
9 (RLIN) 210720
Място на издаване, разпространение и проч. София
Име на издателя, разпространителя и проч. Colibri
Година на издаване 2020
Печатница "Инвестпрес"
300 ## - Физическа характеристика
Страници 351 с.
Размери/Мащаб 21 см
380 ## - Жанр
Жанр Худож. лит.
700 ## - Други автори (авторска отговорност)
9 (RLIN) 277900
Лично име Костова, Маня Асенова
Автороска отговорност (Описва отношението между автора и произведението) прев. от исп.
999 ## - СИСТЕМНИ КОНТРОЛНИ НОМЕРА
Koha biblionumber 348842
Koha biblioitemnumber 348842
942 ## - АРТИКУЛИ
Вид на библиотечния материал Книги
Скрит в OPAC Не
Периодичен библиозапис Да
Koha issues (borrowed), all copies 24
944 ## - СЪЗДАВАНЕ И РЕДАКЦИЯ на ЗАПИСА
Създаване/Редакция Създаване
Дата на регистрацията/редакция 2020-03-04
Статус, дата на статуса Цветелина Шанова
Служител, извършил регистрацията/редакцията 30531
999 ## - СИСТЕМНИ КОНТРОЛНИ НОМЕРА
Koha biblioitemnumber 348842
Наличности
Код за отписване Код за изгубен артикул Източник на класификационната схема Код за повреда Код за отдаване Артикулен № Име на библиотеката - собственик Име на библиотеката, в която се намира в момента Статус (Текущо местоположение) Дата на вписване в системата Местоположение - отдел Цена в лева Систематично азбучна сигнатура Баркод Цена в евро Служебен тип на артикула Коз за рестрикции
Изтеглен Не е изгубен Universal Decimal Classification Не е повреден заемане за дома 756117 Регионална библиотека "Любен Каравелов" Русе Регионална библиотека "Любен Каравелов" Русе Заемна - подръчен фонд 2020-03-05 Заемна - подръчен фонд 14.25 821/А 54 В 120000843008 7.29 Книги  
  Не е изгубен Universal Decimal Classification Не е повреден заемане за дома 756118 Регионална библиотека "Любен Каравелов" Русе Регионална библиотека "Любен Каравелов" Русе Заемна - подръчен фонд 2020-03-05 Заемна - подръчен фонд 14.25 821-31/А 54 И 120000843007 7.29 Книги  
  Не е изгубен Universal Decimal Classification Не е повреден заемане за дома 880427 Регионална библиотека "Любен Каравелов" Русе Регионална библиотека "Любен Каравелов" Русе Заемна - подръчен фонд 2022-04-05 Заемна - подръчен фонд 19.00 821-31/А 54 И 120000870477 9.71 Книги без рестрикции
Vip Innovations Ltd, Rousse, Bulgaria 2025